000
00204 a2200097 4500
001
42819
100
_a
Aronow
245
_a
The falle sky
260
_a
New York
_b
Hill& Wang ltd
_c
090
_c
26709
_d
26709
942
_a
NUST-CAE
_c
M
_c
18568
999
_c
277892
_d
277892